000 00815nam a2200265 a 4500
001 66774
003 BD-RjUL
005 20211209081557.0
008 170320s1997 enka b 001 0 eng d
020 _a0632033568 (pbk.)
035 _a(BD-RjUL) 66905
040 _aBD-RjUL
_beng
_cBD-RjUL
_dBD-RjUL
041 _aeng
082 _223
_a636.089
_bCOA 1997
100 1 _aColes, B. H.
_q(Brian H.)
_9197677
245 1 0 _aAvian medicine and surgery /
_cB. H. Coles.
250 _a2nd ed.
260 _aOxford :
_bBlackwell Scientific Publications,
_cc1997.
300 _aviii, 408 p. :
_bill. ;
_c24 cm.
490 1 _aLibrary of veterinary practice
504 _aIncludes bibliographies and index.
650 0 _aVeterinary Medicine
_9197678
830 0 _aLibrary of veterinary practice
_9197679
942 _2ddc
_cBK
999 _c66774
_d66774